000 01445cam a2200361 a 4500
001 EDZ0000085580
003 StDuBDS
005 20161031105146.0
006 m||||||||d||||||||
007 cr |||||||||||
008 120521s1997 caua fo| 001|0|eng d
020 _a9781452233772 (ebook) :
_cNo price
040 _aStDuBDS
_beng
_cStDuBDS
_epn
049 _aAlfaisal Main Library
050 4 _aHF55448.85
082 0 4 _a158.72
_223
100 1 _aCartwright, Susan,
_d1951-
245 1 0 _aManaging workplace stress
_h[electronic resource] /
_cSusan Cartwright, Cary L. Cooper.
260 _aThousand Oaks, Calif. ;
_aLondon :
_bSAGE,
_c1997.
300 _a1 online resource (184 p.) :
_bill.
520 8 _aThe authors focus on the stress created by organisational changes such as reallocation of roles and responsibilities, job redesign and job insecurity. They also highlight ways of dealing with everyday stress factors such as increased workloads.
521 _aSpecialized.
588 _aDescription based on print version record.
504 _aIncludes bibliographical references and index.
650 0 _aJob stress.
650 0 _aStress management.
655 7 _aElectronic books.
_2local
700 1 _aCooper, Cary L.
710 2 _aSage eBooks
776 0 8 _iPrint version :
_z9780761901938
856 4 0 _uhttp://ezproxy.alfaisal.edu/login?url=http://sk.sagepub.com/books/managing-workplace-stress
942 _2lcc
_cEBOOKS
999 _c480600
_d480600